Core Auditing Standards: (Record no. 13383)
[ view plain ]
| 000 -LEADER | |
|---|---|
| fixed length control field | 00743nam a22002057a 4500 |
| 008 - FIXED-LENGTH DATA ELEMENTS--GENERAL INFORMATION | |
| fixed length control field | 190309b ||||| |||| 00| 0 eng d |
| 020 ## - INTERNATIONAL STANDARD BOOK NUMBER | |
| International Standard Book Number | 9781118707098 |
| 082 ## - DEWEY DECIMAL CLASSIFICATION NUMBER | |
| Edition number | 2014 |
| Classification number | AV-CD 657.450218 |
| Item number | B149 |
| 100 ## - MAIN ENTRY--PERSONAL NAME | |
| Personal name | Bagshaw, Katharine. |
| 9 (RLIN) | 37404 |
| 245 ## - TITLE STATEMENT | |
| Title | Core Auditing Standards: |
| Remainder of title | for practitioners/ |
| Statement of responsibility, etc. | Katharine Bagshaw and John Selwood. |
| 250 ## - EDITION STATEMENT | |
| Edition statement | First Edition |
| 260 ## - PUBLICATION, DISTRIBUTION, ETC. (IMPRINT) | |
| Place of publication, distribution, etc. | United Kingdom: |
| Name of publisher, distributor, etc. | John Wiley & Sons, Incorporated, |
| Date of publication, distribution, etc. | ©2014. |
| 300 ## - PHYSICAL DESCRIPTION | |
| Extent | 198 pages; |
| 500 ## - GENERAL NOTE | |
| General note | Includes index. |
| 650 ## - SUBJECT ADDED ENTRY--TOPICAL TERM | |
| Topical term or geographic name as entry element | Auditing -- Standards. |
| 9 (RLIN) | 37405 |
| 700 ## - ADDED ENTRY--PERSONAL NAME | |
| Personal name | Bagshaw, Katharine. |
| 9 (RLIN) | 37404 |
| 700 ## - ADDED ENTRY--PERSONAL NAME | |
| Personal name | Selwood, John. |
| 9 (RLIN) | 37406 |
| 856 ## - ELECTRONIC LOCATION AND ACCESS | |
| Link text | https://ebookcentral.proquest.com/lib/uniofmindanao-ebooks/detail.action?docID=1659981 |
| 942 ## - ADDED ENTRY ELEMENTS (KOHA) | |
| Source of classification or shelving scheme | Dewey Decimal Classification |
| Koha item type | Ebooks |
| Withdrawn status | Lost status | Source of classification or shelving scheme | Damaged status | Not for loan | Home library | Current library | Shelving location | Date acquired | Source of acquisition | Total Checkouts | Full call number | Barcode | Date last seen | Copy number | Price effective from | Koha item type |
|---|---|---|---|---|---|---|---|---|---|---|---|---|---|---|---|---|
| Dewey Decimal Classification | UM Digos College - LIC | UM Digos College - LIC | Processing Center | 03/09/2019 | Downloaded | AV-Eb 657.450218 B149 | Eb036 | 03/09/2019 | 1 | 03/09/2019 | Ebooks |
